00988nam a22001817a 450000500170000000800410001704000440005804100080010208200070011010000420011724501420015926000520030130000290035350002730038250501030065550600210075865000270077920160804091357.0160804s1911 ck |||fr|||| 001 s spa d aCO-BoUCMbspacSandra YazodSandra Yazo0 aspa042201 aHolguín y Caro, Hernandod1871 192110aDiscursos leídos ante la académia colombiana el 11 de marzo de 1911 en la recepción pública cdel Señor Hernando Holguin y Caro aBogotá (Colombia)bImprenta Eléctricac1911 a47 páginasc25 x 17 cm aDetalles físicos: Encuadernación rígida en cartón forrado en tela, tapa delantera con adornos repujados y letras en dorado. Guardas. Portada impresa en una sola tinta. Cenefa. Texto impreso en una sola tinta. Notas al pie de página. Residuos de cinta pegante0 aDiscurso -- Contestación al anterior discurso, leída por el señor doctor R. M. Carrasquilla aConsulta en sala 7aDiscursos colombianos